Statistics for U.S. History by Letter- C

Click here to take the quiz!

General Stats

  • This quiz has been taken 631 times
  • The average score is 11 of 20

Answer Stats

HintAnswer% Correct
Infamous Chicago gangsterAl Capone
90%
Invented by Eli WhitneyCotton Gin
86%
Greatest actor of the "Silent Era"Charlie Chaplin
77%
Only president with non-consecutive termsGrover Cleveland
76%
Brash cavalryman who died at Little BighornGeorge Custer
70%
A Northerner moving South for profitCarpetbagger
66%
President's Maryland retreatCamp David
65%
Expanded the steel industryAndrew Carnegie
63%
Pamphlet written by Thomas PaineCommon Sense
63%
Law-making body during the RevolutionContinental Congress
61%
Real name of Mark TwainSamuel Clemens
50%
Gap leading to the MidwestCumberland Gap
48%
Botanist, founded Tuskegee UniversityGeorge Washington Carver
42%
Old IronsidesUSS Constitution
42%
Farm labor activistCesar Chavez
39%
Southern statesman, Jackson's VPJohn C. Calhoun
38%
Organization created during Great DepressionCivilian {Conservation} Corps
35%
British troops tried to capture the magazine hereConcord
31%
The Great CompromiserHenry Clay
31%
First battle fought only by carrier aircraftCoral Sea
15%

Score Distribution

Percentile by Number Answered

Percent of People with Each Score

Your Score History

You have not taken this quiz